<?xml version="1.0" encoding="UTF-8"?>
<collection xmlns="http://www.loc.gov/MARC21/slim">
<record>
  <controlfield tag="001">1858</controlfield>
  <controlfield tag="005">20160701171654.0</controlfield>
  <datafield tag="037" ind1=" " ind2=" ">
    <subfield code="a">ASTROimport-15</subfield>
  </datafield>
  <datafield tag="100" ind1=" " ind2=" ">
    <subfield code="a">Aerts, C.</subfield>
  </datafield>
  <datafield tag="260" ind1=" " ind2=" ">
    <subfield code="c">1999</subfield>
  </datafield>
  <datafield tag="245" ind1=" " ind2=" ">
    <subfield code="a">Selection of a sample of bright southern Slowly Pulsating B Stars for long-term photometric and spectroscopic monitoring</subfield>
  </datafield>
  <datafield tag="520" ind1=" " ind2=" ">
    <subfield code="a">The photometric experiment on Hipparcos has led to the discovery of, among other types of variables, a large amount of new Slowly Pulsating B Stars. We have selected twelve bright southern stars of this sample, together with five previously known Slowly Pulsating B Stars, for spectroscopic and photometric monitoring. These seventeen stars have spectral types ranging from B 2 up to B 9 and thus fully cover the instability strip. We here present the results of a preliminary analysis of our data and show that our sample is an extremely important one to perform seismology of intermediate-massive stars. In particular, we find that all but one of the selected stars exhibit clear line-profile variability. The broader-lined Slowly Pulsating B Stars tend to have more complex line-profile variations. One of the previously known Slowly Pulsating B stars was known to be a binary. Besides this star, another six of the selected Slowly Pulsating B stars turn out to be multiple systems. Five of these seven binaries have large rotational velocities and complicated line-profile variations with moving subfeatures. It is not yet clear whether or not the binarity results in a particular spectrum of excited modes. Based on observations collected with the CAT Telescope of the European Southern Observatory and with the Swiss Photometric Telescope of the Geneva Observatory, both situated at La Silla in Chile </subfield>
  </datafield>
  <datafield tag="700" ind1=" " ind2=" ">
    <subfield code="a"> De Cat, P.</subfield>
  </datafield>
  <datafield tag="700" ind1=" " ind2=" ">
    <subfield code="a"> Peeters, E.</subfield>
  </datafield>
  <datafield tag="700" ind1=" " ind2=" ">
    <subfield code="a"> Decin, L.</subfield>
  </datafield>
  <datafield tag="700" ind1=" " ind2=" ">
    <subfield code="a"> De Ridder, J.</subfield>
  </datafield>
  <datafield tag="700" ind1=" " ind2=" ">
    <subfield code="a"> Kolenberg, K.</subfield>
  </datafield>
  <datafield tag="700" ind1=" " ind2=" ">
    <subfield code="a"> Meeus, G.</subfield>
  </datafield>
  <datafield tag="700" ind1=" " ind2=" ">
    <subfield code="a"> Van Winckel, H.</subfield>
  </datafield>
  <datafield tag="700" ind1=" " ind2=" ">
    <subfield code="a"> Cuypers, J.</subfield>
  </datafield>
  <datafield tag="700" ind1=" " ind2=" ">
    <subfield code="a"> Waelkens, C.</subfield>
  </datafield>
  <datafield tag="773" ind1=" " ind2=" ">
    <subfield code="p">Astronomy and Astrophysics</subfield>
    <subfield code="v">343</subfield>
    <subfield code="y">1999</subfield>
    <subfield code="c">872-882</subfield>
  </datafield>
  <datafield tag="856" ind1="4" ind2="2">
    <subfield code="a">http://esoads.eso.org/abs/1999A%26A...343..872A</subfield>
  </datafield>
  <datafield tag="905" ind1=" " ind2=" ">
    <subfield code="a">published in</subfield>
  </datafield>
  <datafield tag="980" ind1=" " ind2=" ">
    <subfield code="a">REFERD</subfield>
  </datafield>
</record>
</collection>